Gençlik, AB ve zıt hisler: bedenini isterim ama ruhunu asla (Record no. 2474)

MARC details
000 -BAŞLIK
Sabit Uzunlukta Kontrol Alanı 00781na a2200217 4500
001 - KONTROL NUMARASI
Denetim Alanı 16918
003 - KONTROL NUMARASI IDENTIFIER
Denetim Alanı MIRAKIL
005 - SON İŞLEM TARİHİ VE ZAMANI
Denetim Alanı 20181213154858.0
008 - SABİT-BOY VERİ ELEMANLARI - GENEL BİLGİLER
Sabit Uzunlukta Kontrol Alanı 161017b tu 000 0
020 ## - ULUSLARARASI STANDART KİTAP NUMARASI
Uluslararası Standart Kitap Numarası 9756245018
040 ## - KATALOGLAMA KAYNAK
Orijinal Kataloglama Ajansı Milas
Kataloglama Dili tur
Metne Dönüştürmek Ajansı TR-AnCHP
041 ## - DİL KODU
Metin / Ses Parça Veya Ayrı Başlığın Dil Kodu tur
082 ## - DEWEY ONLU SINIFLANDIRMA NUMARASI
Sınıflandırma Numarası 305.230
Ürün Numarası T96g 2005
090 ## - SINIFLAMA NUMARASI
Sınıflama Numarası 305.230 T96g 2005
110 ## - ANA GİRİŞ - KURUMSAL ADI
Giriş Elemanı Olarak Kurumsal Ad Veya Yargı Alanı Adı Türk Sosyal Bilimler Derneği
245 ## - BAŞLIK TABLOSU
Başlık Gençlik, AB ve zıt hisler: bedenini isterim ama ruhunu asla
Başlığın Kalan Türk geçliği konuşuyor, gençlerin Türkiye'nin Avrupa Birliği'ne katılım süreci ve üyeliği üzerine düşünceleri projesi
Sorumluluk Tablosu, Vb Türk Sosyal Bilimler Derneği
260 ## - YAYIN, DAĞITIM, VB
Yayın, Dağıtım, Vb Yeri [y. y.]
Yayıncı, Dağıtıcı, Vs Adı Türk Sosyal Bilimler Derneği
Yayın, Dağıtım, Vb Tarihi 2005
300 ## - FİZİKSEL TANIM
Kapsam 298 s.
Diğer Fiziksel Ayrıntıları tbl.
Boyutlar 25 sm.
650 ## - KONU KATMA GİRİŞ - TOPİKAL DÖNEM
Topikal Süreli Veya Coğrafi Ad Giriş Elemanı Gençlik
Genel Alt Bölümü Türkiye
Kronolojik Alt Bölümü AB
942 ## - EKLENDİ GİRİŞ ELEMANLARI (KOHA)
Sınıflandırma Veya Raf Düzeni Kaynak
Koha Öğesi Türü Books
999 ## - SİSTEM KONTROL NUMARALARI (KOHA)
Koha Biblionumber 2474
Koha Biblioitemnumber 2474
Holdings
Kalıcı Konum Mevcut Konum Edinme Tarihi Edinim Kaynak Toplam Check-Out'Lar Tam Çağrı Numarası Barkod Tarih Son Görülme İtibaren Geçerli Fiyatlar Koha Öğesi Türü
CHP Kütüphanesi CHP Kütüphanesi 10/17/2016 Bağış   305.230 T96g 2005 005799 10/17/2016 10/17/2016 Books